书目信息 |
| 题名: |
中国大盾构
|
|
| 作者: | 李建斌 , 才铁军 主编 | |
| 分册: | ||
| 出版信息: | 北京 科学出版社 2019.11 |
|
| 页数: | xxi, 616页 | |
| 开本: | 29cm | |
| 丛书名: | ||
| 单 册: | ||
| 中图分类: | U455.4 , TD421.5-092 | |
| 科图分类: | ||
| 主题词: | 隧道施工--sui dao shi gong--盾构法--技术史--中国 , 全断面掘进机--quan duan mian jue jin ji--技术史--中国 | |
| 电子资源: | ||
| ISBN: | 978-7-03-063334-7 | |
| 000 | 01281nam0 2200289 450 | |
| 001 | 202020141093 | |
| 005 | 20200926181358.0 | |
| 010 | @a978-7-03-063334-7@dCNY328.00 | |
| 100 | @a20200919d2019 em y0chiy50 ea | |
| 101 | 0 | @achi |
| 102 | @aCN@b110000 | |
| 105 | @aa z 000yy | |
| 106 | @ar | |
| 200 | 1 | @a中国大盾构@Azhong guo da dun gou@e中国全断面隧道掘进机及施工技术发展史@f李建斌, 才铁军主编 |
| 210 | @a北京@c科学出版社@d2019.11 | |
| 215 | @axxi, 616页@c图 (部分彩图)@d29cm | |
| 314 | @a李建斌, 中铁高新工业股份有限公司总经理, 教授级高级工程师。才铁军, 资深财经记者、行业发展史学者、著名纪实文学作家。 | |
| 330 | @a本书是世界全断面隧道掘进机技术的发展简史, 是中国全断面隧道据进机及施工技术的行业发展史, 是关于中国超级工程和大国重器的报告, 是关于全断面隧道掘进机引进、消化吸收、再创新的纪实文学。 | |
| 517 | 1 | @a中国全断面隧道掘进机及施工技术发展史@Azhong guo quan duan mian sui dao jue jin ji ji shi gong ji shu fa zhan shi |
| 606 | 0 | @a隧道施工@Asui dao shi gong@x盾构法@x技术史@y中国 |
| 606 | 0 | @a全断面掘进机@Aquan duan mian jue jin ji@x技术史@y中国 |
| 690 | @aU455.4@v5 | |
| 690 | @aTD421.5-092@v5 | |
| 701 | 0 | @a李建斌@Ali jian bin@4主编 |
| 701 | 0 | @a才铁军@Acai tie jun@4主编 |
| 801 | 0 | @aCN@c20200326 |
| 905 | @a河南城建学院图书馆@dU455.4@eL180 | |
| 中国大盾构:中国全断面隧道掘进机及施工技术发展史/李建斌, 才铁军主编.-北京:科学出版社,2019.11 |
| xxi, 616页:图 (部分彩图);29cm |
| ISBN 978-7-03-063334-7:CNY328.00 |
| 本书是世界全断面隧道掘进机技术的发展简史, 是中国全断面隧道据进机及施工技术的行业发展史, 是关于中国超级工程和大国重器的报告, 是关于全断面隧道掘进机引进、消化吸收、再创新的纪实文学。 |
| ● |
| 相关链接 |
|
|
|
正题名:中国大盾构
索取号:U455.4/L180
 
预约/预借
| 序号 | 登录号 | 条形码 | 馆藏地/架位号 | 状态 | 备注 |
| 1 | 1491228 | 214912282 | 自科库501/501自科库 55排7列2层/ [索取号:U455.4/L180] | 在馆 |